| 000 | 01093cab a2200325 4500 | ||
|---|---|---|---|
| 001 | ABS46968 | ||
| 008 | 090401t1992 xxu||||| |||| 00| 0 eng d | ||
| 035 | _a(Sirsi) u60231 | ||
| 041 | _aeng | ||
| 100 | _aNewell, G. | ||
| 245 | 4 | _aThe valuation profession in Australia | |
| 260 | _c1992 | ||
| 350 | _a0 | ||
| 490 |
_aJournal of Property Valuation and Investment _v10(4) Summer 1992, 691-693(3) |
||
| 520 | _aTraces the rise of the profession from the founding of the Commonwealth Institute of Valuers and its evolution to the present professional body and its role in the education of the surveyor. | ||
| 650 | _aAIV | ||
| 650 | _aAIVLE | ||
| 650 | _aAUSTRALIA | ||
| 650 | _aAUSTRALIAN INSTITUTE OF VALUERS AND LAND ECONOMISTS | ||
| 650 | _aAUSTRALIAN INSTITUTE OF VALUERS | ||
| 650 | _aCIV | ||
| 650 | _aCOMMONWEALTH INSTITUTE OF VALUERS | ||
| 650 | _aCAREERS, EDUCATION AND TRAINING | ||
| 650 | _aQUALIFICATIONS | ||
| 650 | _aRICS | ||
| 650 | _aSURVEYORS | ||
| 690 | _aMANAGEMENT-BUSINESS MANAGEMENT-PROFESSIONAL PRACTICE | ||
| 942 | _n0 | ||
| 948 | _c04/03/1997 | ||
| 999 |
_c37109 _d37109 |
||